Catálogo
 En Linea

Historia del calvario de la compañía de electricidad de Puerto Plata = The history of the calvary of compañía de electrecidad de Puerto Plata : (Registro nro. 2362)

Detalles MARC
000 -CABECERA
campo de control de longitud fija 00875nam a2200157 u 4500
001 - NÚMERO DE CONTROL
campo de control 000002526
005 - FECHA Y HORA DE LA ÚLTIMA TRANSACCIÓN
campo de control 20200929150216.0
008 - DATOS DE LONGITUD FIJA--INFORMACIÓN GENERAL
campo de control de longitud fija 090702s200u dr r 000 0 spa d
040 ## - FUENTE DE LA CATALOGACIÓN
Centro catalogador/agencia de origen DO-SdBNP
Lengua de catalogación spa
Centro/agencia transcriptor BNPHU
082 ## - NÚMERO DE LA CLASIFICACIÓN DECIMAL DEWEY
Número de clasificación 332.67153
Número de documento/Ítem H673
245 00 - MENCIÓN DE TÍTULO
Título Historia del calvario de la compañía de electricidad de Puerto Plata = The history of the calvary of compañía de electrecidad de Puerto Plata :
Resto del título una inversión extranjera secuestrada por un demandante temerario que esgrime como arma insólita la sentencia de una corte judicial = a foreing investment held hostage by a brazen claimant brandishing the judgment of a court as an extraordinary weapon.
260 ## - PUBLICACIÓN, DISTRIBUCIÓN, ETC.
Lugar de publicación, distribución, etc. Puerto Plata :
Nombre del editor, distribuidor, etc. CEPP,
Fecha de publicación, distribución, etc. 200?
300 ## - DESCRIPCIÓN FÍSICA
Extensión 66p. ;
Dimensiones 17 cm.
610 14 - PUNTO DE ACCESO ADICIONAL DE MATERIA--NOMBRE DE ENTIDAD CORPORATIVA
Nombre de entidad corporativa o nombre de jurisdicción como elemento de entrada COMPAÑÍA DE ELÉCTRICIDAD DE PUERTO PLATA
Subdivisión geográfica REPÚBLICA DOMINICANA
9 (RLIN) 7934
650 #4 - PUNTO DE ACCESO ADICIONAL DE MATERIA--TÉRMINO DE MATERIA
Término de materia o nombre geográfico como elemento de entrada Empresas eléctricas
Subdivisión geográfica República Dominicana
9 (RLIN) 7935
Existencias
Estado de retiro Estado de pérdida Restricciones de uso No para préstamo Código de colección Localización permanente Ubicación/localización actual Ubicación en estantería Fecha de adquisición Número de inventario Total de préstamos Signatura topográfica completa Código de barras Fecha visto por última vez Precio válido a partir de Tipo de ítem Koha
        Patrimonio Dominicano Patrimonio Dominicano Patrimonio Dominicano En catalogación 02.07.2009 LF1   332.67153 H673 2526-10 25.06.2020 25.06.2020 Libro y Folleto Colección Patrimonio Dominicano

Con tecnología Koha